01077nam a2200253 i 450000100060000000300090000600500170001500700030003200800410003524501410007625000240021726000570024130000280029850501200032665000430044665000440048970000410053370000290057470000300060370000250063385200240065899900170068295201240069981634ES-MaACL20250815115026.0t|041105s1947 sp ||||1| spa d00aPatología y terapéutica especiales de los animales domésticos / cpor Franz v. Hutyra ... [et al.] ; traducida por Pedro Tarreras. a8ª ed. ref. y aum. aBarcelona : bLabor, c1947 (fImp. Ibero-Americana) a2 v. : bil. ; c25 cm.8 aContiene: I. Enfermedades infecciosas / por Rudolf Manninger - II. Enfermedades de los órganos / por Josef Marek. 7aPatología veterinaria2embne9136667 7aTerapéutica veterinaria2embne9174821 aHutyra, Ferenc (d1860-1934)91729421 aTarreras, Pedro.91093401 aManninger, Rudolf.9760711 aMarek, Josef.976583 aES-MaACLjE-2319-20 c81634d81634 00104070aATENEOMbATENEOMcDEPO2d2008-01-17eSCl0oE-2319-20p1085329r2023-02-23 00:00:00w2023-02-23yMONOGRAFIA